000 00329nam a2200133Ia 4500
008 191201s2008 xx 000 0 und d
100 _aBali, N P
245 2 _aA text book of Engineering Mathematics 1st
250 _a5th
260 _c2008
_bLaxmi Publications
_aN.Delhi
300 _a375
650 _aAPPLIED
942 _2ddc
_cBB
999 _c7311
_d7311